AWSCPA National News

Detalles Bibliográficos
Formato: Desconocido
Lenguaje:inglés
Publicado: Dayton, OH : American Woman's Society of Certified Public Accountants
Materias:
Acceso en línea:Acceso restringido

MARC

LEADER 00000ny a22000003n 4500
003 UkOxU
005 2011051603193.0
008 090814u19uuuuuuus ur p u0 0eng d
035 |a 5144 
040 |d vLex 
090 |c 1918  |d 1918 
245 3 0 |a AWSCPA National News  |h [Recurso electrn̤ico] 
256 |a Servicio en ln̕ea 
260 |a Dayton, OH :  |b American Woman's Society of Certified Public Accountants 
310 |a Mensual 
506 1 |a Contenido solo disponible en los productos indicados  |d vLex Global  |d vLex Global (Academic Edition, excluding Law Schools)  |d vLex Global (U.S. Academic Edition, excluding Law Schools) 
650 0 4 |a Contabilidad  |x Publicaciones perid̤icas 
740 |a vLex Revista (Servicios en ln̕ea) 
843 |a Electrn̤ica. Abierta 
853 |8 1  |i (year)  |j (month)  |k (day) 
856 4 0 |z Acceso restringido  |u http://vlex.com/account/login_ip?fuente_id=5144 
942 |c REV